Set theory and its logic
Αποθηκεύτηκε σε:
| Κύριος συγγραφέας: | |
|---|---|
| Μορφή: | Βιβλίο |
| Γλώσσα: | English |
| Δημοσίευση: |
Cambridge :
Belknap Press of Harvard University Press,
1963
|
| Θέματα: | |
| Ετικέτες: |
Προσθήκη ετικέτας
Δεν υπάρχουν, Καταχωρήστε ετικέτα πρώτοι!
|
MARC
| LEADER | 00000cam a2200000 i 4500 | ||
|---|---|---|---|
| 001 | 1/94868 | ||
| 008 | 081003s1963 eng d | ||
| 035 | |l 10100608 | ||
| 040 | |a GR-MY-UA |b gre |e aacr | ||
| 041 | 0 | |a eng | |
| 082 | 0 | |a 511.3 |2 (22) | |
| 100 | 1 | |a Quine, W. V. |q (Willard Van Orman) | |
| 245 | 1 | 0 | |a Set theory and its logic / |c W. V. Quine |
| 260 | |a Cambridge : |b Belknap Press of Harvard University Press, |c 1963 | ||
| 300 | |a xv, 359 σ.; |c 22 εκ. | ||
| 504 | |a Βιβλιογραφία: σ. [343]-350 | ||
| 650 | 0 | 0 | |a Axiomatic set theory. |
| 650 | 0 | 0 | |a Logic, Symbolic and mathematical. |
| 852 | |a INST |b SAMOS |c MAG |e 20081003 |h 511.3 QUI |p 005300029962 |q 005300029962 |t BK |y 0 | ||
| 901 | |a BIBL3-2008-3 | ||
| 909 | |a Σ |b 134796 | ||
| 970 | |a ΣΙΤΖΙΜΗ |b ΓΙΑΣΕΜΗ |z 2008/10/03 | ||